Holiday Quiz

Random Holiday or Clickable Quiz

Same Date Holidays Quiz Stats

 Plays Quiz Updated Dec 28, 2018

Support Sporcle.
Go Orange.
Score 0/12 Timer 02:00
5 Plays Today
% Correct
Christmas
86.7%
New Year's Day
86.4%
New Year's Eve
86.4%
Christmas Eve
86.1%
Halloween
84.6%
Valentine's Day
84.4%
Independence Day
83.7%
St. Patrick's Day
79.6%
Groundhog Day
67%
May Day
58.7%
Veterans Day
54.2%
Flag Day
51.5%

From the Vault

Comic Strip Slideshow

by opusthepenguin

The great thing about this quiz is that it won't get ink all over your fingers.
Remove Ads.
Support Sporcle.
Get the best of Sporcle when you Go Orange. This ad-free experience offers more features, more stats, and more fun while also helping to support Sporcle. Thank you for becoming a member.

Show Comments

Extras

Top Quizzes Today


Score Distribution

Your Account Isn't Verified!

In order to create a playlist on Sporcle, you need to verify the email address you used during registration. Go to your Sporcle Settings to finish the process.

Report this User

Report this user for behavior that violates our Community Guidelines.

Details: